| 000 | 00876nam a2200217Ia 4500 | ||
|---|---|---|---|
| 999 |
_c40219 _d40219 |
||
| 001 | 6826 | ||
| 003 | GE_BSU | ||
| 005 | 20200124170032.0 | ||
| 008 | 181216s1963||||g |||||||||||||| ||geo|| | ||
| 040 | _cGE_BSU | ||
| 041 | _ageo | ||
| 080 | _a821.353.1-32 გ-62 | ||
| 100 |
_aგოთუა, ლევან. _92050 |
||
| 245 |
_aნისლი ნატახტარის ტყეში : _bმოთხრობები / _cლევან გოთუა ; რედ. ნ. ინასარიძე. |
||
| 264 |
_aთბილისი : _bსაბჭ.საქართველო, _c1963. |
||
| 300 |
_a456 გვ. ; _c21 სმ. |
||
| 653 | _aნისლი ნატახტარის ტყეში | ||
| 653 | _aმოთხრობები | ||
| 700 |
_aინასარიძე, ნ. _eრედაქტორი _91193 |
||
| 942 |
_cBK _2udc |
||